[Event "DEM U12 2023"]
[Site "Willingen GER"]
[Date "2023.05.28"]
[Round "2"]
[White "Charchulla, Moritz"]
[Black "Sepe, Giovanni Paolo"]
[Result "1-0"]
[Termination "normal"]
[Board "17"]
[WhiteElo "1063"]
[BlackElo "1550"]
[WhiteClock "00:42:06"]
[BlackClock "00:29:38"]
[PlyCount "128"]
[WhiteFideId "34607579"]
[BlackFideId "34631909"]
[EventCountry "GER"]
[EventRounds "9"]
[EventType "swiss"]
[EventDate "2023.05.27"]

1. c4 {[%emt 00:00:15]} c5 {[%clk 01:30:56]} 2. Nc3 {[%clk 01:31:14]} {[%emt
00:00:05]} Nf6 {[%clk 01:31:21]} {[%emt 00:00:05]} 3. g3 {[%clk 01:31:31]}
{[%emt 00:00:13]} Nc6 {[%clk 01:31:34]} {[%emt 00:00:18]} 4. Bg2 {[%clk
01:31:53]} {[%emt 00:00:08]} g6 {[%clk 01:31:59]} {[%emt 00:00:05]} 5. e4
{[%clk 01:32:09]} {[%emt 00:00:14]} d6 {[%clk 01:31:25]} {[%emt 00:01:04]} 6.
Nge2 {[%clk 01:32:29]} {[%emt 00:00:09]} Bg7 {[%clk 01:31:14]} {[%emt
00:00:42]} 7. O-O {[%clk 01:32:48]} {[%emt 00:00:10]} O-O {[%clk 01:31:18]}
{[%emt 00:00:26]} 8. d3 {[%clk 01:33:12]} {[%emt 00:00:06]} Nd7 {[%clk
01:30:44]} {[%emt 00:01:04]} 9. Be3 {[%clk 01:29:32]} {[%emt 00:04:10]} e5
{[%clk 01:28:51]} {[%emt 00:02:24]} 10. f4 {[%clk 01:29:26]} {[%emt 00:00:35]}
Nb6 {[%clk 01:26:20]} {[%emt 00:03:02]} 11. Rb1 {[%clk 01:23:44]} {[%emt
00:06:12]} Qe7 {[%clk 01:12:38]} {[%emt 00:14:12]} 12. a3 {[%clk 01:19:50]}
{[%emt 00:04:24]} Nd4 {[%clk 00:56:39]} {[%emt 00:16:29]} 13. b4 {[%clk
01:10:14]} {[%emt 00:10:06]} Bg4 {[%clk 00:49:36]} {[%emt 00:07:33]} 14. h3
{[%clk 00:58:32]} {[%emt 00:12:11]} Bxe2 {[%clk 00:48:36]} {[%emt 00:01:30]}
15. Nxe2 {[%clk 00:55:13]} {[%emt 00:03:49]} Nxe2+ {[%clk 00:48:53]} {[%emt
00:00:14]} 16. Qxe2 {[%clk 00:55:37]} {[%emt 00:00:06]} exf4 {[%clk 00:47:22]}
{[%emt 00:02:01]} 17. Rxf4 {[%clk 00:52:04]} {[%emt 00:04:03]} Be5 {[%clk
00:41:32]} {[%emt 00:06:20]} 18. Rf3 {[%clk 00:50:32]} {[%emt 00:02:00]} Rae8
{[%clk 00:35:50]} {[%emt 00:06:13]} 19. Qf2 {[%clk 00:45:51]} {[%emt 00:05:11]}
Na4 {[%clk 00:34:39]} {[%emt 00:01:43]} 20. bxc5 {[%clk 00:39:44]} {[%emt
00:06:37]} dxc5 {[%clk 00:34:48]} {[%emt 00:00:20]} 21. Rb5 {[%clk 00:36:18]}
{[%emt 00:03:55]} b6 {[%clk 00:32:18]} {[%emt 00:03:00]} 22. Qc2 {[%clk
00:36:03]} {[%emt 00:00:45]} a6 {[%clk 00:30:41]} {[%emt 00:02:07]} 23. Rb1
{[%clk 00:36:05]} {[%emt 00:00:27]} Qd7 {[%clk 00:30:22]} {[%emt 00:00:50]} 24.
Bf1 {[%clk 00:30:59]} {[%emt 00:05:36]} b5 {[%clk 00:28:42]} {[%emt 00:02:10]}
25. cxb5 {[%clk 00:30:48]} {[%emt 00:00:41]} axb5 {[%clk 00:28:55]} {[%emt
00:00:17]} 26. d4 {[%clk 00:29:17]} {[%emt 00:02:01]} Bxd4 {[%clk 00:26:33]}
{[%emt 00:02:52]} 27. Bxb5 {[%clk 00:29:32]} {[%emt 00:00:16]} Bxe3+ {[%clk
00:26:57]} {[%emt 00:00:06]} 28. Rxe3 {[%clk 00:29:57]} {[%emt 00:00:05]} Qd4
{[%clk 00:26:58]} {[%emt 00:00:29]} 29. Kf2 {[%clk 00:28:12]} {[%emt 00:02:15]}
Ra8 {[%clk 00:26:57]} {[%emt 00:00:29]} 30. Rd1 {[%clk 00:28:35]} {[%emt
00:00:09]} Qf6+ {[%clk 00:23:09]} {[%emt 00:04:18]} 31. Rf3 {[%clk 00:28:39]}
{[%emt 00:00:26]} Qb6 {[%clk 00:21:28]} {[%emt 00:02:11]} 32. Bxa4 {[%clk
00:28:24]} {[%emt 00:00:45]} c4+ {[%clk 00:21:04]} {[%emt 00:00:54]} 33. Kg2
{[%clk 00:26:40]} {[%emt 00:02:14]} Rfc8 {[%clk 00:19:51]} {[%emt 00:01:43]}
34. e5 {[%clk 00:24:13]} {[%emt 00:02:56]} Rab8 {[%clk 00:17:39]} {[%emt
00:02:43]} 35. Rc1 {[%clk 00:22:19]} {[%emt 00:02:23]} Qd4 {[%clk 00:17:09]}
{[%emt 00:01:00]} 36. Qc3 {[%clk 00:19:32]} {[%emt 00:03:17]} Rb2+ {[%clk
00:16:40]} {[%emt 00:00:58]} 37. Kf1 {[%clk 00:19:39]} {[%emt 00:00:23]} Qd5
{[%clk 00:14:56]} {[%emt 00:02:15]} 38. Rd1 {[%clk 00:16:32]} {[%emt 00:03:37]}
Qb7 {[%clk 00:14:32]} {[%emt 00:00:54]} 39. e6 {[%clk 00:12:55]} {[%emt
00:04:07]} fxe6 {[%clk 00:13:43]} {[%emt 00:01:19]} 40. Rd7 {[%clk 00:13:07]}
{[%emt 00:00:16]} Rb1+ {[%clk 00:13:55]} {[%emt 00:00:20]} 41. Ke2 {[%clk
00:13:16]} {[%emt 00:00:21]} Qe4+ {[%clk 00:13:59]} {[%emt 00:00:26]} 42. Qe3
{[%clk 00:11:39]} {[%emt 00:02:06]} Rb2+ {[%clk 00:12:57]} {[%emt 00:01:32]}
43. Rd2 {[%clk 00:11:10]} {[%emt 00:00:58]} Rxd2+ {[%clk 00:12:22]} {[%emt
00:01:06]} 44. Kxd2 {[%clk 00:11:26]} {[%emt 00:00:13]} c3+ {[%clk 00:12:29]}
{[%emt 00:00:24]} 45. Kc1 {[%clk 00:11:28]} {[%emt 00:00:28]} Qc4 {[%clk
00:09:37]} {[%emt 00:03:21]} 46. Bd7 {[%clk 00:11:07]} {[%emt 00:00:51]} Re8
{[%clk 00:08:56]} {[%emt 00:01:12]} 47. Bxe8 {[%clk 00:11:05]} {[%emt
00:00:32]} Qb3 {[%clk 00:08:29]} {[%emt 00:00:57]} 48. Bf7+ {[%clk 00:11:17]}
{[%emt 00:00:18]} Kg7 {[%clk 00:08:51]} {[%emt 00:00:08]} 49. Qe5+ {[%clk
00:11:22]} {[%emt 00:00:24]} Kh6 {[%clk 00:09:06]} {[%emt 00:00:15]} 50. Qf4+
{[%clk 00:11:43]} {[%emt 00:00:09]} Kg7 {[%clk 00:09:21]} {[%emt 00:00:14]} 51.
Qf6+ {[%clk 00:12:06]} {[%emt 00:00:08]} Kh6 {[%clk 00:09:35]} {[%emt
00:00:17]} 52. Rxc3 {[%clk 00:11:25]} {[%emt 00:01:11]} Qd5 {[%clk 00:09:51]}
{[%emt 00:00:14]} 53. Qf4+ {[%clk 00:10:37]} {[%emt 00:01:18]} Kg7 {[%clk
00:10:13]} {[%emt 00:00:08]} 54. Rc7 {[%clk 00:11:00]} {[%emt 00:00:08]} Qh1+
{[%clk 00:10:32]} {[%emt 00:00:10]} 55. Kd2 {[%clk 00:11:14]} {[%emt 00:00:15]}
Qd5+ {[%clk 00:10:39]} {[%emt 00:00:23]} 56. Ke3 {[%clk 00:10:21]} {[%emt
00:01:23]} Qb3+ {[%clk 00:10:57]} {[%emt 00:00:13]} 57. Kf2 {[%clk 00:10:38]}
{[%emt 00:00:13]} Qb2+ {[%clk 00:10:40]} {[%emt 00:00:47]} 58. Kf3 {[%clk
00:10:57]} {[%emt 00:00:10]} Qxa3+ {[%clk 00:10:43]} {[%emt 00:00:27]} 59. Kg4
{[%clk 00:11:16]} {[%emt 00:00:11]} h5+ {[%clk 00:08:51]} {[%emt 00:02:22]} 60.
Kh4 {[%clk 00:11:34]} Qe7+ {[%clk 00:08:51]} 61. Rxe7 {[%clk 00:11:34]} Kf8
{[%clk 00:30:03]} {[%emt 00:10:24]} 62. Re8+ {[%clk 00:41:31]} Kg7 {[%clk
00:30:03]} 63. Bxe6 {[%clk 00:41:31]} Kh7 {[%clk 00:29:38]} {[%emt 00:02:16]}
64. Qf7+ {[%clk 00:42:06]} Kh6 {[%clk 00:29:38]} 1-0

[Event "DEM U12 2023"]
[Site "Willingen GER"]
[Date "2023.05.28"]
[Round "2"]
[White "Lehmann, Anton"]
[Black "Zimmer, Tim"]
[Result "0-1"]
[Termination "normal"]
[Board "18"]
[WhiteElo "1285"]
[BlackElo "1258"]
[WhiteClock "01:26:23"]
[BlackClock "00:52:43"]
[PlyCount "36"]
[WhiteFideId "34660267"]
[BlackFideId "34603115"]
[EventCountry "GER"]
[EventRounds "9"]
[EventType "swiss"]
[EventDate "2023.05.27"]

1. e4 {[%clk 01:30:59]} e5 {[%clk 01:30:38]} {[%emt 00:00:22]} 2. Nf3 {[%clk
01:31:25]} {[%emt 00:00:04]} Nc6 {[%clk 01:31:05]} {[%emt 00:00:04]} 3. Bc4
{[%clk 01:31:51]} {[%emt 00:00:04]} Bc5 {[%clk 01:31:31]} {[%emt 00:00:04]} 4.
c3 {[%clk 01:32:16]} {[%emt 00:00:04]} Nf6 {[%clk 01:31:57]} {[%emt 00:00:05]}
5. d4 {[%clk 01:32:40]} {[%emt 00:00:06]} exd4 {[%clk 01:32:03]} {[%emt
00:00:23]} 6. O-O {[%clk 01:33:06]} {[%emt 00:00:05]} Nxe4 {[%clk 01:23:30]}
{[%emt 00:09:03]} 7. cxd4 {[%clk 01:33:28]} {[%emt 00:00:09]} d5 {[%clk
01:17:20]} {[%emt 00:06:40]} 8. dxc5 {[%clk 01:33:50]} {[%emt 00:00:08]} dxc4
{[%clk 01:17:43]} {[%emt 00:00:07]} 9. Qe2 {[%clk 01:34:14]} {[%emt 00:00:05]}
Qd3 {[%clk 01:16:44]} {[%emt 00:01:30]} 10. Re1 {[%clk 01:34:32]} {[%emt
00:00:12]} Qxe2 {[%clk 01:16:14]} {[%emt 00:01:00]} 11. Rxe2 {[%clk 01:34:57]}
{[%emt 00:00:05]} f5 {[%clk 01:15:24]} {[%emt 00:01:18]} 12. Nc3 {[%clk
01:35:22]} {[%emt 00:00:07]} O-O {[%clk 01:13:37]} {[%emt 00:02:18]} 13. Nxe4
{[%clk 01:35:41]} {[%emt 00:00:10]} fxe4 {[%clk 01:14:00]} {[%emt 00:00:07]}
14. Rxe4 {[%clk 01:36:07]} {[%emt 00:00:04]} c3 {[%clk 00:56:49]} {[%emt
00:17:41]} 15. h3 {[%clk 01:33:20]} {[%emt 00:03:17]} Bxh3 {[%clk 00:55:56]}
{[%emt 00:01:23]} 16. Ng5 {[%clk 01:30:42]} {[%emt 00:03:07]} Bf5 {[%clk
00:55:45]} {[%emt 00:00:40]} 17. Re3 {[%clk 01:26:47]} {[%emt 00:04:28]} Nd4
{[%clk 00:53:34]} {[%emt 00:02:35]} 18. Kh2 {[%clk 01:26:23]} {[%emt 00:00:55]}
Nc2 {[%clk 00:52:43]} {[%emt 00:01:24]} 0-1

[Event "DEM U12 2023"]
[Site "Willingen GER"]
[Date "2023.05.28"]
[Round "2"]
[White "Radeke, Timothy"]
[Black "Tomi, Emilian"]
[Result "1/2-1/2"]
[Termination "normal"]
[Board "19"]
[WhiteElo "1485"]
[BlackElo "1552"]
[WhiteClock "00:38:27"]
[BlackClock "00:28:06"]
[PlyCount "105"]
[WhiteFideId "16289412"]
[BlackFideId "34651829"]
[EventCountry "GER"]
[EventRounds "9"]
[EventType "swiss"]
[EventDate "2023.05.27"]

1. e4 {[%clk 01:30:58]} {[%emt 00:00:01]} c6 {[%clk 01:30:52]} {[%emt
00:00:08]} 2. Nf3 {[%clk 01:31:24]} {[%emt 00:00:04]} d5 {[%clk 01:31:17]}
{[%emt 00:00:06]} 3. exd5 {[%clk 01:31:50]} {[%emt 00:00:04]} cxd5 {[%clk
01:31:42]} {[%emt 00:00:06]} 4. Ne5 {[%clk 01:32:15]} {[%emt 00:00:06]} Nd7
{[%clk 01:31:53]} {[%emt 00:00:18]} 5. Bb5 {[%clk 01:32:15]} {[%emt 00:00:30]}
Ngf6 {[%clk 01:32:06]} {[%emt 00:00:16]} 6. d4 {[%clk 01:32:29]} {[%emt
00:00:16]} g6 {[%clk 01:32:31]} {[%emt 00:00:06]} 7. O-O {[%clk 01:30:41]}
{[%emt 00:02:18]} Bg7 {[%clk 01:32:38]} {[%emt 00:00:23]} 8. c3 {[%clk
01:29:48]} {[%emt 00:01:23]} O-O {[%clk 01:33:01]} {[%emt 00:00:07]} 9. Bf4
{[%clk 01:28:55]} {[%emt 00:01:24]} Nh5 {[%clk 01:28:43]} {[%emt 00:04:48]} 10.
Qc1 {[%clk 01:24:36]} {[%emt 00:04:48]} Nxf4 {[%clk 01:27:42]} {[%emt
00:01:31]} 11. Qxf4 {[%clk 01:23:39]} {[%emt 00:01:27]} Nxe5 {[%clk 01:26:09]}
{[%emt 00:02:03]} 12. dxe5 {[%clk 01:24:01]} {[%emt 00:00:08]} Qc7 {[%clk
01:25:16]} {[%emt 00:01:24]} 13. Re1 {[%clk 01:24:00]} {[%emt 00:00:31]} Bf5
{[%clk 01:22:03]} {[%emt 00:03:43]} 14. Nd2 {[%clk 01:22:54]} {[%emt 00:01:36]}
Rfd8 {[%clk 01:21:03]} {[%emt 00:01:29]} 15. Nf3 {[%clk 01:22:59]} {[%emt
00:00:26]} Rac8 {[%clk 01:18:55]} {[%emt 00:02:38]} 16. Nd4 {[%clk 01:20:55]}
{[%emt 00:02:33]} Bd7 {[%clk 01:18:15]} {[%emt 00:01:11]} 17. Bxd7 {[%clk
01:17:40]} {[%emt 00:03:44]} Rxd7 {[%clk 01:18:35]} {[%emt 00:00:11]} 18. Qe3
{[%clk 01:15:36]} {[%emt 00:02:34]} e6 {[%clk 01:14:28]} {[%emt 00:04:37]} 19.
f4 {[%clk 01:15:05]} {[%emt 00:01:00]} a6 {[%clk 01:13:05]} {[%emt 00:01:54]}
20. Nb3 {[%clk 01:13:16]} {[%emt 00:02:19]} Bf8 {[%clk 01:11:58]} {[%emt
00:01:37]} 21. Rad1 {[%clk 01:04:16]} {[%emt 00:09:29]} Bc5 {[%clk 01:10:34]}
{[%emt 00:01:54]} 22. Nxc5 {[%clk 01:04:30]} {[%emt 00:00:16]} Qxc5 {[%clk
01:11:02]} {[%emt 00:00:02]} 23. Qxc5 Rxc5 {[%clk 01:11:30]} 24. Rd4 {[%clk
01:05:05]} {[%emt 00:01:53]} b5 {[%clk 01:11:19]} {[%emt 00:00:41]} 25. Red1
{[%clk 01:04:05]} {[%emt 00:01:29]} a5 {[%clk 01:10:02]} {[%emt 00:01:48]} 26.
g4 {[%clk 01:04:24]} {[%emt 00:00:11]} a4 {[%clk 01:09:05]} {[%emt 00:01:27]}
27. Rb4 {[%clk 01:04:40]} {[%emt 00:00:13]} Ra7 {[%clk 01:07:02]} {[%emt
00:02:33]} 28. Rd3 {[%clk 01:04:08]} {[%emt 00:01:02]} a3 {[%clk 01:05:33]}
{[%emt 00:02:00]} 29. b3 {[%clk 01:03:46]} {[%emt 00:00:52]} Rac7 {[%clk
01:03:25]} {[%emt 00:02:37]} 30. c4 {[%clk 00:51:50]} {[%emt 00:12:26]} bxc4
{[%clk 00:59:56]} {[%emt 00:03:59]} 31. bxc4 {[%clk 00:49:23]} {[%emt
00:02:57]} Rc8 {[%clk 00:43:18]} {[%emt 00:20:36]} 32. Rxa3 dxc4 {[%emt
00:00:37]} 33. Rc3 {[%clk 00:46:36]} {[%emt 00:00:11]} Rd8 {[%clk 00:40:03]}
{[%emt 00:03:45]} 34. a4 {[%clk 00:44:17]} {[%emt 00:02:49]} Rd4 {[%clk
00:39:53]} {[%emt 00:00:40]} 35. Rf3 {[%clk 00:39:15]} {[%emt 00:05:31]} Rd1+
{[%clk 00:36:03]} {[%emt 00:04:20]} 36. Rf1 {[%clk 00:36:25]} {[%emt 00:03:21]}
Rxf1+ {[%clk 00:35:38]} {[%emt 00:00:55]} 37. Kxf1 {[%clk 00:36:50]} {[%emt
00:00:05]} c3 {[%clk 00:36:03]} {[%emt 00:00:06]} 38. Rb1 {[%clk 00:37:10]}
{[%emt 00:00:09]} c2 {[%clk 00:36:09]} {[%emt 00:00:24]} 39. Rc1 {[%clk
00:37:36]} {[%emt 00:00:04]} Ra5 {[%clk 00:36:35]} {[%emt 00:00:04]} 40. Rxc2
{[%clk 00:37:55]} {[%emt 00:00:11]} Rxa4 {[%clk 00:37:00]} {[%emt 00:00:06]}
41. Rf2 {[%clk 00:38:15]} {[%emt 00:00:09]} Re4 {[%clk 00:37:17]} {[%emt
00:00:13]} 42. Kg2 {[%clk 00:37:30]} {[%emt 00:01:15]} Re3 {[%clk 00:30:02]}
{[%emt 00:07:46]} 43. Rf3 {[%clk 00:37:36]} {[%emt 00:00:23]} Rxf3 {[%clk
00:26:11]} {[%emt 00:04:21]} 44. Kxf3 {[%clk 00:37:40]} {[%emt 00:00:26]} h5
{[%clk 00:26:10]} {[%emt 00:00:31]} 45. g5 {[%clk 00:37:59]} {[%emt 00:00:12]}
Kf8 {[%clk 00:26:28]} {[%emt 00:00:12]} 46. Ke4 {[%clk 00:38:22]} {[%emt
00:00:06]} Ke7 {[%clk 00:26:52]} {[%emt 00:00:06]} 47. Kd4 {[%clk 00:38:47]}
{[%emt 00:00:04]} Kd7 {[%clk 00:27:15]} {[%emt 00:00:08]} 48. Kc5 {[%clk
00:39:12]} {[%emt 00:00:05]} Kc7 {[%clk 00:27:40]} {[%emt 00:00:05]} 49. h4
{[%clk 00:38:03]} {[%emt 00:01:39]} Kd7 {[%clk 00:27:54]} {[%emt 00:00:16]} 50.
Kb6 {[%clk 00:38:23]} {[%emt 00:00:10]} Kd8 {[%clk 00:27:53]} {[%emt 00:00:31]}
51. Kc6 {[%clk 00:38:42]} {[%emt 00:00:11]} Kc8 {[%clk 00:27:41]} {[%emt
00:00:43]} 52. Kd6 {[%clk 00:39:05]} {[%emt 00:00:06]} Kd8 {[%clk 00:28:06]}
{[%emt 00:00:05]} 53. Kc6 {[%clk 00:38:27]} {[%emt 00:01:08]} 1/2-1/2

[Event "DEM U12 2023"]
[Site "Willingen GER"]
[Date "2023.05.28"]
[Round "2"]
[White "Krüger, Moritz"]
[Black "Yan, Haichen"]
[Result "1-0"]
[Termination "normal"]
[Board "20"]
[WhiteElo "1582"]
[BlackElo "1251"]
[WhiteClock "01:28:38"]
[BlackClock "01:19:14"]
[PlyCount "51"]
[WhiteFideId "34608923"]
[BlackFideId "34607951"]
[EventCountry "GER"]
[EventRounds "9"]
[EventType "swiss"]
[EventDate "2023.05.27"]

1. d4 {[%clk 01:30:59]} {[%emt 00:00:01]} d5 {[%clk 01:30:54]} {[%emt
00:00:06]} 2. c4 {[%clk 01:31:25]} {[%emt 00:00:04]} e6 {[%clk 01:31:06]}
{[%emt 00:00:18]} 3. cxd5 {[%clk 01:31:51]} {[%emt 00:00:05]} exd5 {[%clk
01:31:26]} {[%emt 00:00:09]} 4. Nc3 {[%clk 01:32:15]} {[%emt 00:00:06]} Nf6
{[%clk 01:31:19]} {[%emt 00:00:37]} 5. Bg5 {[%clk 01:32:39]} {[%emt 00:00:05]}
Be7 {[%clk 01:31:36]} {[%emt 00:00:14]} 6. e3 {[%clk 01:32:51]} {[%emt
00:00:18]} h6 {[%clk 01:31:45]} {[%emt 00:00:20]} 7. Bf4 {[%clk 01:33:07]}
{[%emt 00:00:13]} c6 {[%clk 01:31:53]} {[%emt 00:00:23]} 8. Bd3 {[%clk
01:33:26]} {[%emt 00:00:11]} O-O {[%clk 01:31:12]} {[%emt 00:01:11]} 9. Nf3
{[%clk 01:33:45]} {[%emt 00:00:10]} Bg4 {[%clk 01:31:01]} {[%emt 00:00:42]} 10.
h3 {[%clk 01:28:39]} {[%emt 00:05:36]} Bh5 {[%clk 01:29:41]} {[%emt 00:01:49]}
11. g4 {[%clk 01:28:20]} {[%emt 00:00:50]} Bg6 {[%clk 01:29:39]} {[%emt
00:00:32]} 12. Bxg6 {[%clk 01:28:38]} {[%emt 00:00:12]} fxg6 {[%clk 01:30:02]}
{[%emt 00:00:06]} 13. g5 {[%clk 01:28:43]} {[%emt 00:00:25]} Nh5 {[%clk
01:26:52]} {[%emt 00:03:41]} 14. Bxb8 {[%clk 01:28:37]} {[%emt 00:00:36]} Rxb8
{[%clk 01:27:03]} {[%emt 00:00:19]} 15. Ne5 {[%clk 01:28:36]} {[%emt 00:00:32]}
Bxg5 {[%emt 00:00:52]} 16. Nxg6 {[%clk 01:28:46]} {[%emt 00:00:18]} Rf6 {[%clk
01:26:46]} {[%emt 00:00:27]} 17. Qxh5 {[%clk 01:28:52]} {[%emt 00:00:22]} Qe8
{[%clk 01:26:59]} {[%emt 00:00:17]} 18. h4 {[%clk 01:27:53]} {[%emt 00:01:29]}
Bxe3 {[%clk 01:23:08]} {[%emt 00:04:22]} 19. fxe3 {[%clk 01:28:00]} {[%emt
00:00:23]} Qxe3+ {[%clk 01:23:24]} {[%emt 00:00:13]} 20. Ne2 {[%clk 01:28:23]}
{[%emt 00:00:06]} Re8 {[%clk 01:23:29]} {[%emt 00:00:26]} 21. Ne5 {[%clk
01:28:38]} {[%emt 00:00:14]} Re7 {[%clk 01:22:04]} {[%emt 00:01:56]} 22. Rf1
{[%clk 01:28:11]} {[%emt 00:00:55]} Rxf1+ {[%clk 01:20:38]} {[%emt 00:01:57]}
23. Kxf1 {[%clk 01:28:29]} {[%emt 00:00:13]} Qh3+ {[%clk 01:20:45]} {[%emt
00:00:23]} 24. Kf2 {[%clk 01:28:21]} {[%emt 00:00:36]} Qh2+ {[%clk 01:19:36]}
{[%emt 00:01:42]} 25. Ke3 {[%clk 01:28:24]} {[%emt 00:00:24]} Qh3+ {[%clk
01:19:14]} {[%emt 00:00:54]} 26. Kd2 {[%clk 01:28:38]} {[%emt 00:00:11]} 1-0